Clic Quiz - 20 Personnalités avec pour nom Martin ou Simon ? - Statistiques

Statistiques générales
  • Ce quiz a été pris 52 fois
  • Le résultat moyen est 14 sur 20
Statistiques - réponses
Hint Réponse % Correct
JACQUES (1933), humoriste et animateur français de programme comme Le Petit Rapporteur, L'École des fans Martin
90%
NATHALIE (1964), véliplanchiste française devenue animatrice et chroniqueuse de télévision et de radio Simon
90%
CHRIS (1977) leader du groupe Coldplay Martin
88%
RICKY (1971), chanteur portoricain Martin
85%
TONY (1985), cycliste allemand, quadruple champion du monde du contre la montre Martin
81%
GEORGE R. R. (1948), écrivain américain, son œuvre la plus célèbre est la série romanesque du Trône de fer Martin
81%
GILLES (1984), joueur de tennis français qui a atteint le 6e rang mondial Simon
79%
MICHEL (1895), acteur suisse « caméléon » à la voix tonitruante, il a joué dans 145 films Simon
79%
JULIA (1996), biathlète française, plusieurs fois championne du monde notamment Simon
71%
MARVIN (1988), joueur de football , 15 Selections 2 buts avec l'équipe de France Martin
69%
SERGE (1967), joueur puis dirigeant de rugby à XV français. Il est également médecin généraliste et animateur radio Simon
69%
GUILLAUME (1993), coureur cycliste français, meilleur grimpeur du Tour d'Espagne 2020 Martin
67%
EMILIE (1978), auteure-compositrice-interprète française de musique, principalement électronique Simon
67%
LIONEL (1878), pionnier de l'automobile, fondateur de la marque automobile qui a pour moitié son nom Martin
65%
PATRICE (1964), skieur nautique, un des plus beaux palmarès du sport français avec 12 titres de champion du monde, 34 titres de champion d'Europe, 26 records du monde etc Martin
65%
RENE (1898), professeur d'art dramatique et acteur français. Fondateur en 1925 de l'école de théâtre qui porte son nom Simon
60%
ANA (1982), actrice française sulfureuse d'origine espagnole, c'est aussi une actrice mexicaine de cinéma et de telenovela Martin
56%
SÉBASTIEN (1990), skipper français. Vainqueur de la Solitaire du Figaro en 2018, il participe au Vendée Globe en 2020 sur l'Imoca Arkea-Paprec Simon
54%
ROBIN (1956), guitariste britannique. Il fut membre des groupes Ultravox, Magazine, Visage Simon
52%
ANTOINE (1736), maître cordonnier et révolutionnaire français, passé à la postérité pour avoir été le geôlier de Louis XVII au Temple en 1793 Simon
40%
Aucun quiz correspondant
Distribution des résultats
% des personnes avec chaque résultat
Percentile par nombre de réponses
Votre historique - résultats
Vous n’avez pas pris ce quiz